000 00725nam a2200265Ia 4500
005 20260324152550.0
008 008 260324s9999 xx 000 0 eng d
020 _a9780444634290
037 _aEBOOK
040 _aCRL
040 _beng
040 _cCRL
041 _2eng
041 _aeng
084 _qCRL
100 _aGani, Rafiqul
_91229138
245 0 _a12th International Symposium on Process Systems Engineering and 25th European Symposium on Computer Aided Process Engineering
260 _bElsevier
260 _c2015
650 _aChemical Engineering
856 _uhttps://www.sciencedirect.com/science/book/9780444634290
942 _cEBOOK
999 _c1839825
_d1839825